000 00451nam a2200193Ia 4500
008 240509s9999 xx 000 0 und d
020 _a0000117710660
041 _aEng
082 _a621.043
082 _bG41
100 _aGLAZIER E.V.D. , LAMONT H.R.L.
245 0 _aTRANSMISSION AND PROPAGATION
260 _bLONDON : HERMAJESTYIS
260 _c1958
300 _a500 p.
650 _aDATA COMMUNICATION
942 _2ddc
942 _cLBK
999 _c22851
_d22851
945 _a1
_bMadushi Gamage
_c1
_dMadushi Gamage